000
00337nam a2200145Ia 4500
100
_a
Turban/Efraim/ Aronson/J.E
250
_a
6
942
_c
RB
654
_a
intelligent
245
_a
Decision support systems and intelligent system
260
_b
Pearson Education
_c
2001
082
_a
6.3
_b
TUR
300
_a
867
546
_a
ENGLISH
999
_c
32280
_d
32280